Personnalités au hasard #67 (spéciale sport) - Statistiques

Statistiques générales
  • Ce quiz a été pris 135 fois
  • Le résultat moyen est 8 sur 32
Statistiques - réponses
Par images Réponse % Correct
Erling Haaland
92%
Jo-Wilfried Tsonga
83%
Gaël Monfils
79%
Renaud Lavillenie
64%
Naomi Osaka
45%
Alexia Putellas
40%
Jeannie Longo
38%
Andreï Chevtchenko
37%
Yannick Agnel
35%
Delphine Cascarino
32%
Selma Bacha
31%
Frank Rijkaard
30%
Julien Marchand
26%
Céline Dumerc
25%
Jean Alesi
22%
Cameron Woki
19%
Antoine Brizard
16%
Kauli Vaast
11%
Trévor Clévenot
11%
Yanis Lenne
11%
Maxime Grousset
10%
Alain Mimoun
9%
Aurélie Dupont
9%
Jacques Laffite
8%
Mathieu Grebille
8%
Catherine Destivelle
3%
Jari Litmanen
3%
Kathrine Switzer
3%
Alexandre Iddir
2%
Ana Carrasco
2%
Charlotte Consorti
2%
Walide Khyar
1%
Aucun quiz correspondant
Distribution des résultats
% des personnes avec chaque résultat
Percentile par nombre de réponses
Votre historique - résultats
Vous n’avez pas pris ce quiz